মধ্যযুগের পাক-ভারতীয় সংস্কৃতি / (Record no. 41440)
[ view plain ]
| 000 -LEADER | |
|---|---|
| fixed length control field | 00987nam a2200241 a 4500 |
| 001 - CONTROL NUMBER | |
| control field | 41440 |
| 003 - CONTROL NUMBER IDENTIFIER | |
| rucl marc code | BD-RjUL |
| 005 - DATE AND TIME OF LATEST TRANSACTION | |
| control field | 20211209053404.0 |
| 008 - FIXED-LENGTH DATA ELEMENTS--GENERAL INFORMATION | |
| fixed length control field | 160530s1967 b ||||| |||| 00| 0 ben d |
| 020 ## - INTERNATIONAL STANDARD BOOK NUMBER | |
| Terms of availability | PRs. 4.00 |
| 035 ## - SYSTEM CONTROL NUMBER | |
| System control number | (BD-RjUL)41558 |
| 040 ## - CATALOGING SOURCE | |
| Original cataloging agency | BD-RjUL |
| Language of cataloging | ben |
| Transcribing agency | BD-RjUL |
| Modifying agency | BD-RjUL |
| 041 ## - LANGUAGE CODE | |
| Language code of text/sound track or separate title | ben |
| 082 ## - DEWEY DECIMAL CLASSIFICATION NUMBER | |
| Edition number | 23 |
| Classification number | 297.09 |
| Author mark and year | HOM 1967 |
| 100 ## - MAIN ENTRY--PERSONAL NAME | |
| Personal name | হোসেন, ইউসূফ |
| 9 (RLIN) | 127391 |
| 245 ## - TITLE STATEMENT | |
| Title | মধ্যযুগের পাক-ভারতীয় সংস্কৃতি / |
| Statement of responsibility, etc. | ইউসূফ হোসেন ; অনুবাদ : ফারুক মাহমুদ |
| 260 ## - PUBLICATION, DISTRIBUTION, ETC. (IMPRINT) | |
| Place of publication, distribution, etc. | ঢাকা : |
| Name of publisher, distributor, etc. | বাঙলা একাডেমী, |
| Date of publication, distribution, etc. | ১৯৬৭ |
| 300 ## - PHYSICAL DESCRIPTION | |
| Pagination | [৮], ১৬৯ পৃ. ; |
| Size | ২৩ সেমি. |
| 650 ## - SUBJECT ADDED ENTRY--TOPICAL TERM | |
| Topical term or geographic name as entry element | ইসলাম |
| General subdivision | ইতিহাস ও সমালোচনা |
| 9 (RLIN) | 118502 |
| Topical term or geographic name as entry element | Islam |
| General subdivision | History and Criticism |
| 9 (RLIN) | 118503 |
| 700 ## - ADDED ENTRY--PERSONAL NAME | |
| Personal name | মাহমুদ, ফারুক, অনুবাদক |
| 942 ## - ADDED ENTRY ELEMENTS (KOHA) | |
| Source of classification or shelving scheme | Dewey Decimal Classification |
| Koha item type | Books |
| Lost status | Source of classification or shelving scheme | Damaged status | Not for loan | Collection code | Permanent Location | Current Location | Shelving location | Date acquired | Source of acquisition | Cost, normal purchase price | Total Checkouts | Full call number | Date last seen | Copy number | Koha item type |
|---|---|---|---|---|---|---|---|---|---|---|---|---|---|---|---|
| Dewey Decimal Classification | Non-fiction | Central Library, University of Rajshahi | Central Library, University of Rajshahi | 10/07/1990 | Sawkat Osman, Dhaka | 4.00 | B 297.09 HOM 1967 | 30/05/2016 | C-2 | Books | |||||
| Dewey Decimal Classification | Non-fiction | Central Library, University of Rajshahi | Central Library, University of Rajshahi | 15/04/1969 | 4.00 | B 297.09 HOM 1967 | 31/05/2016 | C-3 | Books | ||||||
| Dewey Decimal Classification | Non-fiction | Central Library, University of Rajshahi | Central Library, University of Rajshahi | 15/04/1969 | 4.00 | B 297.09 HOM 1967 | 31/05/2016 | C-4 | Books | ||||||
| Dewey Decimal Classification | Non-fiction | Central Library, University of Rajshahi | Central Library, University of Rajshahi | 15/04/1969 | 4.00 | B 297.09 HOM 1967 | 31/05/2016 | C-5 | Books | ||||||
| Dewey Decimal Classification | Non-fiction | Central Library, University of Rajshahi | Central Library, University of Rajshahi | 15/04/1969 | 4.00 | B 297.09 HOM 1967 | 31/05/2016 | C-6 | Books | ||||||
| Dewey Decimal Classification | Non-fiction | Central Library, University of Rajshahi | Central Library, University of Rajshahi | 15/04/1969 | N/A | 4.00 | B 297.09 HOM 1967 | 18/07/2016 | C-7 | Books | |||||
| Dewey Decimal Classification | Not For Loan | Non-fiction | Central Library, University of Rajshahi | Central Library, University of Rajshahi | Reading Room | 17/05/1974 | Dhaka, Bangla Academy | 4.00 | B 297.09 HOM 1967 | 07/12/2016 | C-1 | Books | |||
| Dewey Decimal Classification | Non-fiction | Central Library, University of Rajshahi | Central Library, University of Rajshahi | 15/04/1969 | 4.00 | B 297.09 HOM 1967 | 19/10/2021 | C-8 | Books |